Derechos humanos, desarrollo y descolonización : (Registro nro. 5713)
[ vista simple ]
| 000 -CABECERA | |
|---|---|
| campo de control de longitud fija | 02236nam a2200361 c 4500 |
| 001 - NÚMERO DE CONTROL | |
| campo de control | a6284639 |
| 003 - IDENTIFICADOR DEL NÚMERO DE CONTROL | |
| campo de control | SpMaBN |
| 005 - FECHA Y HORA DE LA ÚLTIMA TRANSACCIÓN | |
| campo de control | 20200504232352.0 |
| 008 - DATOS DE LONGITUD FIJA--INFORMACIÓN GENERAL | |
| campo de control de longitud fija | 180720s2017 sp a | |||| 000 spa |
| 015 ## - NÚMERO DE BIBLIOGRAFÍA NACIONAL | |
| Número de bibliografía nacional | MON1912 |
| 015 ## - NÚMERO DE BIBLIOGRAFÍA NACIONAL | |
| Número de bibliografía nacional | MON17 |
| 017 ## - NÚMERO DE COPYRIGHT O DE DEPÓSITO LEGAL | |
| Número de copyright o de depósito legal | M 21416-2017 |
| Agencia que asigna | Oficina Depósito Legal Madrid |
| 020 ## - NÚMERO INTERNACIONAL ESTÁNDAR DEL LIBRO | |
| Número Internacional Estándar del Libro | 9788416032914 |
| 040 ## - FUENTE DE LA CATALOGACIÓN | |
| Centro catalogador/agencia de origen | SpMaBN |
| Lengua de catalogación | spa |
| Centro/agencia transcriptor | SpMaBN |
| Normas de descripción | rda |
| 041 ## - CÓDIGO DE LENGUA | |
| Código de lengua del texto/banda sonora o título independiente | spa |
| Código de lengua original | eng |
| 082 ## - NÚMERO DE LA CLASIFICACIÓN DECIMAL DEWEY | |
| Número de clasificación | 341.4 M449d 2017 |
| 100 1# - ENTRADA PRINCIPAL--NOMBRE DE PERSONA | |
| Autor Personal | Maul, Daniel |
| 245 10 - MENCIÓN DE TÍTULO | |
| Título | Derechos humanos, desarrollo y descolonización : |
| Resto del título | la Organización Mundial del Trabajo entre 1940-1970 / |
| Mención de responsabilidad, etc. | Daniel Maul ; traducción María Pérez |
| 264 ## - PRODUCCIÓN, PUBLICACIÓN, DISTRIBUCIÓN, FABRICACIÓN Y COPYRIGHT | |
| Producción, publicación, distribución, fabricación y copyright | Madrid : |
| Nombre del de productor, editor, distribuidor, fabricante | Plaza y Valdés Editores, |
| Fecha de producción, publicación, distribución, fabricación o copyright | 2017 |
| 300 ## - DESCRIPCIÓN FÍSICA | |
| Extensión | XVIII, 445 páginas |
| Otras características físicas | fotografías (blanco y negro) |
| 336 ## - TIPO DE CONTENIDO | |
| Término de tipo de contenido | Imagen fija |
| -- | Texto |
| Fuente | rdacontent |
| 337 ## - TIPO DE MEDIO | |
| Nombre/término del tipo de medio | sin mediación |
| Fuente | rdamedia |
| 338 ## - TIPO DE SOPORTE | |
| Nombre/término del tipo de soporte | Volumen |
| Fuente | rdacarrier |
| 504 ## - NOTA DE BIBLIOGRAFÍA, ETC. | |
| Nota de bibliografía, etc. | Incluye referencias bibliográficas e índices |
| 520 ## - SUMARIO, ETC. | |
| Sumario, etc. | La importancia de las organizaciones internacionales como actores históricos es uno de los aspectos menos investigados de la historia del siglo XX. El estudio de Daniel Maul sobre el papel que jugó la Organización Internacional del Trabajo (OIT) durante la fase principal de la descolonización (1940 a 1970) abre nuevas perspectivas sobre el tema. Presentado de una manera muy clara, metodológicamente innovador y fundamentado con una gran cantidad de fuentes, este libro pone de manifiesto las múltiples formas en las que la OIT contribuyó a los debates que acompañaron a la disolución de los imperios coloniales europeos y a los procesos de construcción de la «nación poscolonial» que vinieron a continuación, actuando como foco político, foro de debate y actor independiente. Maul ofrece una innovadora mirada a la historia de la descolonización y a la construcción de las naciones poscoloniales y también a la duradera relevancia internacional de los derechos humanos y el desarrollo posterior que estos discursos generaron. |
| 610 27 - PUNTO DE ACCESO ADICIONAL DE MATERIA--NOMBRE DE ENTIDAD CORPORATIVA | |
| Nombre de entidad corporativa o nombre de jurisdicción como elemento de entrada | Oficina Internacional del Trabajo |
| Fuente del encabezamiento o término | embne |
| 650 #7 - PUNTO DE ACCESO ADICIONAL DE MATERIA--TÉRMINO DE MATERIA | |
| Término de materia o nombre geográfico como elemento de entrada | Derechos humanos |
| Subdivisión de forma | Historia |
| Fuente del encabezamiento o término | Sears |
| 650 #7 - PUNTO DE ACCESO ADICIONAL DE MATERIA--TÉRMINO DE MATERIA | |
| Término de materia o nombre geográfico como elemento de entrada | Descolonización |
| Subdivisión de forma | Historia |
| 700 1# - PUNTO DE ACCESO ADICIONAL--NOMBRE DE PERSONA | |
| Autor secundario (Nombre de persona) | Pérez, María |
| Rol del Coautor | traductor |
| 901 ## - ELEMENTOS DE DATOS A LOCAL LDA (RLIN) | |
| a | MON18 |
| 942 ## - ELEMENTOS DE PUNTO DE ACCESO ADICIONAL (KOHA) | |
| Fuente del sistema de clasificación o colocación | Dewey Decimal Classification |
| Tipo de ítem Koha | Libros |
| 956 ## - LOCALIZACIÓN Y ACCESO ELECTRÓNICOS LOCAL (OCLC) | |
| Nombre del host | 2 |
| Estado de retiro | Estado de pérdida | Fuente del sistema de clasificación o colocación | Estado dañado | No para préstamo | Código de colección | Localización permanente | Ubicación/localización actual | Ubicación en estantería | Fecha de adquisición | Número de inventario | Total de préstamos | Signatura topográfica completa | Código de barras | Fecha visto por última vez | Número de copia | Precio válido a partir de | Tipo de ítem Koha |
|---|---|---|---|---|---|---|---|---|---|---|---|---|---|---|---|---|---|
| Dewey Decimal Classification | Colección General | SIBM UNADE - Biblioteca Sede Central | SIBM UNADE - Biblioteca Sede Central | En estantería | 01/27/2020 | 20-02538 | 341.4 M449d 2017 | 20-02538 | 01/27/2020 | e.1 | 01/27/2020 | Libros | |||||
| Dewey Decimal Classification | Colección General | SIBM UNADE - Biblioteca Sede Central | SIBM UNADE - Biblioteca Sede Central | En estantería | 09/12/2022 | 22-02881 | 341.4 M449d 2017 | 22-02881 | 09/12/2022 | e.2 | 09/12/2022 | Libros |
